Biblioteka Instytutu Północnego w Olsztynie

Widok standardowy Widok MARC

Pozycja Personal Name

Liczba rekordów, w których użyto hasła: 2

001 - Numer kontrolny

  • control field: 39321

003 - Identyfikator numeru kontrolnego

  • control field: NUKAT

005 - Data i czas ostatniej modyfikacji

  • control field: 20260331141356.0

008 - Dane kontrolne kodowane (40 znaków)

  • fixed length control field: 150313n||a|znnaabn |a aaa |c

010 ## - Numer kontrolny Biblioteki Kongresu

  • numer kontrolny LC: n 2015137524

040 ## - Instytucja sporządzająca rekord

  • inst. przygot. dane do rek. khw: WA U/MK
  • język haseł przedmiotowych/tezaurus: kaba
  • inst. wprow. rek. khw: WA U/MK

100 1# - Hasło - nazwa osobowa

  • nazwa osobowa w formie ujednoliconej: Bażanowski, Rudolf
  • daty biograficzne: (1953- ).

670 ## - Źródło informacji

  • źródło informacji: Kościoły i kaplice Diecezji Mazurskiej : kalendarz 2015-2017. - Olsztyn, 2015.
  • gdzie znaleziono informację: Red.

670 ## - Źródło informacji

  • źródło informacji: pl.wikipedia, 13.03.2015
  • adres internetowy: http://pl.wikipedia.org/wiki/Rudolf_Ba%C5%BCanowski

675 ## - Źródło nie podające informacji

  • wskazanie źródła: BNPol online, 13.03.2015
Biblioteka Instytutu Północnego, ul. Partyzantów 87, 10-402 Olsztyn, email: biblioteka(at)ip.olsztyn.pl